00984nam a2200277Ia 450000500170000000800270001702000180004408200140006210000280007624501020010425000170020630000260022349000500024950400380029965000330033765000360037065000490040670000470045594200120050226400540051433600270056833700330059533800280062804000350065699900150069120220317000403.0141031s9999 ck 000 0 spa d a978958772053204a342bC64c1 aColón-Ríos, Joel I.13aLa constitución de la democracia cJoel I. Colón-Ríos ; Graciela Rivera Muñoz, traductora a1a edición a404 páginasc27 cm. aTeoría jurídica y filosofía del derecho aBibliografía: páginas 369-404142LEMBaDerecho constitucional142LEMBaReformas constitucionales142LEMBaGarantías constitucionaleszColombia1 aRivera Muñoz, Gracielaetraductor915283 2ddccBK aBogotábUniversidad Externado de Colombiac2013 atextobtxt2rdacontent asin mediaciónbn2rdamedia avolumenbnc2rdacarrier aCO-BoRNBPbspaerdacCO-BoRNBP c3901d3901